Statistics for countries with the most popualtion

Click here to take the quiz!

General Stats

  • This quiz has been taken 25 times
    (12 since last reset)
  • The average score is 21 of 30

Answer Stats

HintAnswer% Correct
1.4bChina
100%
126.6mJapan
100%
146.1mRussia
100%
83.7mGermany
91%
1.3bIndia
91%
67.8mUK
91%
165.6mBangladesh
82%
213.5mBrazil
82%
102.4mEgypt
82%
65.2mFrance
82%
220.8mPakistan
82%
51.3mSouth Korea
82%
48.9mSpain
82%
331.1mUSA
82%
273.5mIndonesia
73%
83.9mIran
73%
61.2mItaly
73%
129.1mMexico
73%
59.5mSouth africa
73%
50.8mColombia
64%
90.1mDRC
64%
207.2mNigeria
64%
109.8mPhilippines
64%
115.1mEthiopia
55%
84.4mTurkey
55%
70.2m`Thailand
45%
97.4mVietnam
45%
53.7mKenya
36%
59.8mTanzania
36%
54.4mMyanmar
27%

Score Distribution

Percentile by Number Answered

Percent of People with Each Score

Your Score History

You have not taken this quiz since the last reset